[Event "New Zealand Championship 2023"]
[Site "Wellington"]
[Date "2023.01.04"]
[Round "3.6"]
[White "Van Riemsdijk, Herman C."]
[Black "Langford, Joshua"]
[Result "1-0"]
[WhiteElo "2265"]
[BlackElo "2163"]

1. e4 {[%clk 01:30:55] [%emt 00:00:04]} 1... c6 {[%clk 01:30:54] [%emt
00:00:07]} 2. d4 {[%clk 01:31:10] [%emt 00:00:14]} 2... d5 {[%clk 01:31:21]
[%emt 00:00:04]} 3. f3 {[%clk 01:31:23] [%emt 00:00:16]} 3... Qb6 {[%clk
01:30:34] [%emt 00:01:17]} 4. c3 {[%clk 01:31:06] [%emt 00:00:46]} 4... e5
{[%clk 01:24:20] [%emt 00:06:44]} 5. Qe2 {[%clk 01:25:16] [%emt 00:06:19]} 5...
Be6 {[%clk 01:07:03] [%emt 00:17:49]} 6. Be3 {[%clk 01:21:17] [%emt 00:04:28]}
6... Nd7 {[%clk 01:05:18] [%emt 00:02:17]} 7. exd5 {[%clk 01:07:37] [%emt
00:14:10]} 7... cxd5 {[%clk 00:58:47] [%emt 00:07:01]} 8. dxe5 {[%clk 01:06:08]
[%emt 00:01:58]} 8... Bc5 {[%clk 00:58:03] [%emt 00:01:15]} 9. Bxc5 {[%clk
01:06:29] [%emt 00:00:08]} 9... Qxc5 {[%clk 00:58:08] [%emt 00:00:25]} 10. Nd2
{[%clk 01:06:22] [%emt 00:00:37]} 10... Ne7 {[%emt 00:03:22]} 11. Nb3 {[%clk
01:06:15] [%emt 00:00:32]} 11... Qb6 {[%clk 00:50:03] [%emt 00:05:48]} 12. f4
{[%emt 00:02:29]} 12... f6 {[%clk 00:42:11] [%emt 00:07:28]} 13. exf6 {[%clk
01:04:23] [%emt 00:01:16]} 13... Nxf6 {[%emt 00:01:01]} 14. Qb5+ {[%emt
00:01:19]} 14... Kf7 {[%clk 00:41:06] [%emt 00:00:28]} 15. Qxb6 {[%clk
01:04:26] [%emt 00:00:15]} 15... axb6 {[%clk 00:41:34] [%emt 00:00:01]} 16. Nf3
{[%clk 01:04:38] [%emt 00:00:17]} 16... Rhe8 {[%clk 00:40:53] [%emt 00:01:13]}
17. Bb5 {[%clk 01:02:27] [%emt 00:02:40]} 17... Nc6 {[%clk 00:41:08] [%emt
00:00:16]} 18. O-O {[%clk 01:01:12] [%emt 00:01:44]} 18... Kg8 {[%clk 00:39:48]
[%emt 00:01:52]} 19. Ne5 {[%clk 01:00:06] [%emt 00:01:36]} 19... Bd7 {[%clk
00:35:00] [%emt 00:05:18]} 20. Nxd7 {[%clk 00:59:06] [%emt 00:01:30]} 20...
Nxd7 {[%clk 00:35:29] [%emt 00:00:01]} 21. a3 {[%clk 00:58:39] [%emt 00:00:56]}
21... Nc5 {[%clk 00:33:16] [%emt 00:02:44]} 22. Nd4 {[%clk 00:57:48] [%emt
00:01:20]} 22... Nxd4 {[%clk 00:31:58] [%emt 00:01:48]} 23. cxd4 {[%clk
00:58:07] [%emt 00:00:10]} 23... Nb3 {[%clk 00:32:19] [%emt 00:00:10]} 24. Bxe8
{[%clk 00:58:29] [%emt 00:00:08]} 24... Nxa1 {[%clk 00:32:36] [%emt 00:00:13]}
25. Bd7 {[%clk 00:57:04] [%emt 00:01:55]} 25... Nc2 {[%clk 00:25:29] [%emt
00:07:38]} 26. Be6+ {[%clk 00:54:26] [%emt 00:03:07]} 26... Kf8 {[%clk
00:25:55] [%emt 00:00:05]} 27. Rf2 {[%clk 00:49:52] [%emt 00:05:03]} 27... Re8
{[%clk 00:24:00] [%emt 00:02:26]} 28. Rxc2 {[%clk 00:49:58] [%emt 00:00:23]}
28... Rxe6 {[%clk 00:24:27] [%emt 00:00:04]} 29. Rc8+ {[%clk 00:49:58] [%emt
00:00:31]} 29... Kf7 {[%clk 00:20:30] [%emt 00:04:28]} 30. Rc7+ {[%clk
00:50:21] [%emt 00:00:06]} 30... Kf6 {[%clk 00:20:00] [%emt 00:01:00]} 31. Kf2
{[%clk 00:47:05] [%emt 00:03:44]} 31... h5 {[%clk 00:16:39] [%emt 00:03:52]}
32. Rxb7 {[%clk 00:47:03] [%emt 00:00:32]} 32... Kf5 {[%emt 00:01:48]} 33. Kf3
{[%clk 00:46:11] [%emt 00:01:18]} 33... Re4 {[%clk 00:15:14] [%emt 00:00:42]}
34. Rxg7 {[%clk 00:44:33] [%emt 00:02:07]} 34... Rxf4+ {[%clk 00:14:02] [%emt
00:01:43]} 35. Ke3 {[%clk 00:44:52] [%emt 00:00:10]} 35... Rh4 {[%clk 00:12:56]
[%emt 00:01:37]} 36. h3 {[%clk 00:44:03] [%emt 00:01:19]} 36... Re4+ {[%clk
00:13:21] [%emt 00:00:06]} 37. Kd3 {[%clk 00:44:27] [%emt 00:00:06]} 37... Kf4
{[%clk 00:11:58] [%emt 00:01:53]} 38. h4 {[%clk 00:42:28] [%emt 00:02:28]}
38... Re3+ {[%clk 00:10:48] [%emt 00:01:41]} 39. Kd2 {[%clk 00:40:12] [%emt
00:02:46]} 39... Re4 {[%clk 00:10:42] [%emt 00:00:37]} 40. Rg5 {[%clk 01:10:06]
[%emt 00:00:34]} 40... Rxd4+ {[%clk 00:40:16] [%emt 00:00:57]} 41. Kc3 {[%clk
01:10:16] [%emt 00:00:20]} 41... Rd1 {[%clk 00:36:24] [%emt 00:04:22]} 42. Rxh5
{[%clk 01:10:08] [%emt 00:00:38]} 42... Kg3 {[%clk 00:30:23] [%emt 00:08:19]}
43. Rh6 {[%clk 01:06:24]} 43... b5 {[%clk 00:29:54] [%emt 00:03:39]} 44. Rb6
Kxh4 {[%emt 00:00:48]} 45. Rxb5 {[%clk 01:06:13] [%emt 00:00:39]} 45... Kg3
{[%clk 00:29:30] [%emt 00:01:24]} 46. Kc2 {[%clk 01:06:53]} 46... Rd4 {[%clk
00:25:19] [%emt 00:07:35]} 47. Rb4 {[%clk 01:05:41]} 47... Re4 {[%clk
00:25:19]} 48. Kd3 Re1 {[%clk 00:25:19]} 49. Rd4 {[%clk 01:05:41]} 49... Kxg2
{[%clk 00:25:19]} 50. Rxd5 {[%clk 01:05:41]} 50... Rd1+ {[%clk 00:25:19]} 51.
Kc4 {[%clk 01:05:41]} 51... Rc1+ {[%clk 00:25:19]} 52. Kb5 {[%clk 01:05:41]}
52... Kf3 {[%clk 00:25:19]} 53. b4 {[%clk 01:05:41]} 53... Ke4 {[%clk
00:25:19]} 54. Rd8 {[%clk 01:06:44] [%emt 00:03:35]} 1-0

[Event "New Zealand Championship 2023"]
[Site "Wellington"]
[Date "2023.01.04"]
[Round "3.7"]
[White "Zhang, Jasmine Haomo"]
[Black "McLaren, Leonard J"]
[Result "1/2-1/2"]
[WhiteElo "2117"]
[BlackElo "2265"]

1. d4 {[%clk 01:30:56] [%emt 00:00:03]} 1... Nf6 {[%clk 01:30:56] [%emt
00:00:05]} 2. Bf4 {[%clk 01:31:18] [%emt 00:00:09]} 2... e6 {[%clk 01:31:13]
[%emt 00:00:13]} 3. e3 {[%clk 01:31:44] [%emt 00:00:04]} 3... b6 {[%clk
01:31:29] [%emt 00:00:15]} 4. Nf3 {[%clk 01:32:03] [%emt 00:00:10]} 4... Bb7
{[%clk 01:31:53] [%emt 00:00:06]} 5. Nbd2 {[%clk 01:32:16] [%emt 00:00:16]}
5... c5 {[%clk 01:31:13] [%emt 00:01:11]} 6. c3 {[%clk 01:32:28] [%emt
00:00:18]} 6... Be7 {[%clk 01:31:18] [%emt 00:00:24]} 7. h3 {[%clk 01:31:45]
[%emt 00:01:14]} 7... cxd4 {[%clk 01:31:07] [%emt 00:00:42]} 8. exd4 {[%clk
01:32:10] [%emt 00:00:05]} 8... O-O {[%clk 01:30:59] [%emt 00:00:37]} 9. Bd3
{[%clk 01:32:25] [%emt 00:00:15]} 9... d6 {[%clk 01:30:39] [%emt 00:00:51]} 10.
O-O {[%clk 01:29:02] [%emt 00:03:53]} 10... Re8 {[%clk 01:30:04] [%emt
00:01:04]} 11. Bh2 {[%clk 01:26:36] [%emt 00:02:57]} 11... Nbd7 {[%clk
01:29:18] [%emt 00:01:16]} 12. Nc4 {[%clk 01:25:42] [%emt 00:01:24]} 12... Qc7
{[%clk 01:24:35] [%emt 00:05:13]} 13. a4 {[%clk 01:24:55] [%emt 00:01:17]}
13... Rad8 {[%clk 01:21:24] [%emt 00:03:40]} 14. Re1 {[%clk 01:23:11] [%emt
00:02:14]} 14... Qb8 {[%clk 01:18:41] [%emt 00:03:13]} 15. Nfd2 {[%clk
01:18:32] [%emt 00:05:09]} 15... Nf8 {[%clk 01:15:35] [%emt 00:03:37]} 16. Qe2
{[%clk 01:11:26] [%emt 00:07:35]} 16... Ng6 {[%clk 01:06:28] [%emt 00:09:37]}
17. f4 {[%clk 01:09:29] [%emt 00:02:27]} 17... Nd5 {[%clk 00:59:12] [%emt
00:07:45]} 18. Qf1 {[%clk 00:59:33] [%emt 00:10:26]} 18... Bh4 {[%clk 00:47:43]
[%emt 00:12:00]} 19. Re2 {[%clk 00:55:42] [%emt 00:04:21]} 19... f5 {[%clk
00:43:12] [%emt 00:05:00]} 20. Ne3 {[%clk 00:48:50] [%emt 00:07:22]} 20... Nxe3
{[%clk 00:39:15] [%emt 00:04:28]} 21. Rxe3 {[%clk 00:49:12] [%emt 00:00:08]}
21... Nf8 {[%clk 00:37:12] [%emt 00:02:32]} 22. Bg3 {[%clk 00:43:37] [%emt
00:06:06]} 22... Bf6 {[%clk 00:35:28] [%emt 00:02:14]} 23. Bb5 {[%clk 00:39:24]
[%emt 00:04:43]} 23... Re7 {[%clk 00:33:07] [%emt 00:02:50]} 24. Rae1 {[%clk
00:37:56] [%emt 00:02:00]} 24... Qa8 {[%clk 00:30:01] [%emt 00:03:36]} 1/2-1/2

[Event "New Zealand Championship 2023"]
[Site "Wellington"]
[Date "2023.01.04"]
[Round "3.8"]
[White "Steadman, Michael V R"]
[Black "Metge, J Nigel"]
[Result "1-0"]
[WhiteElo "2306"]
[BlackElo "2146"]

1. d4 {[%clk 01:30:36] [%emt 00:00:23]} 1... d5 {[%clk 01:30:42] [%emt
00:00:18]} 2. c4 {[%clk 01:30:51] [%emt 00:00:16]} 2... e6 {[%clk 01:31:06]
[%emt 00:00:06]} 3. Nc3 {[%clk 01:31:13] [%emt 00:00:07]} 3... c5 {[%clk
01:31:29] [%emt 00:00:07]} 4. cxd5 {[%clk 01:31:22] [%emt 00:00:21]} 4... cxd4
{[%clk 01:31:43] [%emt 00:00:16]} 5. Qxd4 {[%clk 01:31:38] [%emt 00:00:15]}
5... Nc6 {[%clk 01:32:05] [%emt 00:00:07]} 6. Qd1 {[%clk 01:31:58] [%emt
00:00:09]} 6... exd5 {[%clk 01:32:24] [%emt 00:00:12]} 7. Qxd5 {[%clk 01:32:22]
[%emt 00:00:06]} 7... Bd7 {[%clk 01:32:39] [%emt 00:00:15]} 8. Nf3 {[%clk
01:32:46] [%emt 00:00:06]} 8... Nf6 {[%clk 01:32:52] [%emt 00:00:17]} 9. Qd1
{[%clk 01:33:11] [%emt 00:00:05]} 9... Bc5 {[%clk 01:33:14] [%emt 00:00:08]}
10. e3 {[%clk 01:33:27] [%emt 00:00:14]} 10... Qe7 {[%clk 01:33:38] [%emt
00:00:07]} 11. Be2 {[%clk 01:33:37] [%emt 00:00:20]} 11... O-O {[%clk 01:33:29]
[%emt 00:00:39]} 12. O-O {[%emt 00:00:48]} 12... Ne5 {[%clk 01:33:34]} 13. Bd2
{[%clk 01:28:53] [%emt 00:05:21]} 13... Rad8 {[%clk 01:30:55] [%emt 00:03:09]}
14. Qc2 {[%clk 01:26:53] [%emt 00:02:30]} 14... Rfe8 {[%clk 01:21:17] [%emt
00:10:07]} 15. Rac1 {[%clk 01:18:10] [%emt 00:09:14]} 15... Nxf3+ {[%clk
01:16:59] [%emt 00:04:47]} 16. Bxf3 {[%emt 00:00:26]} 16... Qe5 17. Ne2 Bd6 18.
Ng3 Ng4 19. Bc3 Qg5 20. Rfd1 Bxg3 21. hxg3 Bf5 22. Rxd8 Rxd8 23. Qa4 Qh5 24.
Bxg4 Bxg4 25. Qxa7 Be6 26. Bd4 Qd5 27. a3 h6 28. Rc5 Qb3 29. Rc1 Bd5 30. Qb6
Rd7 31. Qxb3 Bxb3 32. Rc3 Bd5 33. f3 Bc6 34. Kf2 f6 35. b3 Kf7 36. a4 Ke6 37.
g4 Rd5 38. Kg3 Kd6 39. Rc1 Bd7 40. Rc4 Bc6 41. e4 Ra5 42. Bc3 Ra8 43. Kf4 Bd7
44. e5+ fxe5+ 45. Bxe5+ {[%clk 01:18:13]} 1-0

[Event "New Zealand Championship 2023"]
[Site "Wellington"]
[Date "2023.01.04"]
[Round "3.9"]
[White "Winter, Ryan"]
[Black "Sole, Michael D"]
[Result "1-0"]
[WhiteElo "2209"]
[BlackElo "2142"]

1. e4 {[%clk 01:30:58] [%emt 00:00:01]} 1... e5 {[%clk 01:30:53] [%emt
00:00:07]} 2. Nf3 {[%clk 01:31:14] [%emt 00:00:13]} 2... Nc6 {[%clk 01:31:14]
[%emt 00:00:10]} 3. Bb5 {[%clk 01:31:09] [%emt 00:00:35]} 3... Nf6 {[%clk
01:31:34] [%emt 00:00:10]} 4. d3 {[%clk 01:30:34] [%emt 00:01:05]} 4... d6
{[%clk 01:31:52] [%emt 00:00:12]} 5. c3 {[%clk 01:29:49] [%emt 00:01:16]} 5...
Be7 {[%clk 01:31:31] [%emt 00:00:50]} 6. O-O {[%clk 01:29:24] [%emt 00:00:55]}
6... O-O {[%clk 01:31:42] [%emt 00:00:19]} 7. Re1 {[%clk 01:29:38] [%emt
00:00:17]} 7... Re8 {[%clk 01:31:12] [%emt 00:00:59]} 8. Nbd2 {[%clk 01:28:45]
[%emt 00:01:23]} 8... Bf8 {[%clk 01:31:12] [%emt 00:00:30]} 9. Nf1 {[%clk
01:27:53] [%emt 00:01:23]} 9... h6 {[%clk 01:31:10] [%emt 00:00:32]} 10. Ng3
{[%clk 01:27:21] [%emt 00:01:02]} 10... a6 {[%clk 01:29:39] [%emt 00:02:01]}
11. Ba4 {[%clk 01:25:07] [%emt 00:02:44]} 11... b5 {[%clk 01:25:50] [%emt
00:04:19]} 12. Bc2 {[%clk 01:24:53] [%emt 00:00:44]} 12... d5 {[%clk 01:23:36]
[%emt 00:02:44]} 13. Qe2 {[%clk 01:14:58] [%emt 00:10:25]} 13... d4 {[%clk
01:19:35] [%emt 00:04:31]} 14. cxd4 {[%clk 01:00:06] [%emt 00:15:22]} 14...
Nxd4 {[%clk 01:19:23] [%emt 00:00:41]} 15. Nxd4 {[%clk 01:00:34] [%emt
00:00:02]} 15... Qxd4 {[%clk 01:19:32] [%emt 00:00:21]} 16. Bb3 {[%clk
01:00:03] [%emt 00:01:02]} 16... Rd8 {[%clk 01:13:25] [%emt 00:06:37]} 17. Qc2
{[%clk 00:58:59] [%emt 00:01:34]} 17... Qd6 {[%clk 01:00:38] [%emt 00:13:17]}
18. Be3 {[%clk 00:50:07] [%emt 00:09:23]} 18... Ng4 {[%clk 00:59:36] [%emt
00:01:31]} 19. Bd5 {[%clk 00:48:01] [%emt 00:02:36]} 19... Nxe3 {[%clk
00:56:50] [%emt 00:03:16]} 20. Rxe3 {[%clk 00:46:04] [%emt 00:02:28]} 20... Ra7
{[%clk 00:51:33] [%emt 00:05:47]} 21. a4 {[%clk 00:42:46] [%emt 00:03:48]}
21... bxa4 {[%clk 00:48:40] [%emt 00:03:22]} 22. Qxa4 {[%clk 00:40:25] [%emt
00:02:51]} 22... Bd7 {[%clk 00:33:04] [%emt 00:16:07]} 23. Qc2 {[%clk 00:28:04]
[%emt 00:12:51]} 23... Qb6 {[%clk 00:31:48] [%emt 00:01:45]} 24. Rc1 {[%clk
00:23:59] [%emt 00:04:35]} 24... c6 {[%clk 00:30:47] [%emt 00:01:31]} 25. Bc4
{[%clk 00:23:43] [%emt 00:00:46]} 25... g6 {[%clk 00:26:50] [%emt 00:04:26]}
26. h3 {[%clk 00:21:42] [%emt 00:02:30]} 26... Rb7 {[%clk 00:25:26] [%emt
00:01:54]} 27. Rf3 {[%clk 00:20:59] [%emt 00:01:14]} 27... Be8 {[%clk 00:25:31]
[%emt 00:00:25]} 28. b3 {[%clk 00:19:53] [%emt 00:01:36]} 28... a5 {[%clk
00:24:07] [%emt 00:01:54]} 29. Nf1 {[%clk 00:19:24] [%emt 00:00:58]} 29... Be7
{[%clk 00:23:03] [%emt 00:01:34]} 30. Ne3 {[%clk 00:18:25] [%emt 00:01:30]}
30... Bg5 {[%clk 00:22:34] [%emt 00:00:59]} 31. Ra1 {[%clk 00:18:28] [%emt
00:00:27]} 31... Bxe3 {[%clk 00:18:42] [%emt 00:04:21]} 32. fxe3 {[%clk
00:17:39] [%emt 00:01:20]} 32... Kg7 {[%clk 00:16:46] [%emt 00:02:26]} 33. Qc3
{[%clk 00:17:07] [%emt 00:01:02]} 33... f6 {[%clk 00:15:10] [%emt 00:02:05]}
34. Rxa5 {[%clk 00:16:10] [%emt 00:01:27]} 34... Qb4 {[%clk 00:09:35] [%emt
00:06:04]} 35. Qxb4 {[%clk 00:11:24] [%emt 00:05:16]} 35... Rxb4 {[%clk
00:10:02] [%emt 00:00:03]} 36. Rf1 {[%clk 00:08:20] [%emt 00:03:33]} 36... Rb7
{[%clk 00:09:00] [%emt 00:01:33]} 37. Rc5 {[%clk 00:06:25] [%emt 00:02:26]}
37... Ra7 {[%clk 00:08:26] [%emt 00:01:03]} 38. Rd1 {[%clk 00:05:40] [%emt
00:01:15]} 38... Rd6 {[%clk 00:07:55] [%emt 00:01:01]} 39. Rd2 {[%clk 00:04:05]
[%emt 00:02:05]} 39... Bf7 {[%clk 00:07:46] [%emt 00:00:38]} 40. d4 {[%clk
00:31:15] [%emt 00:03:21]} 40... Bxc4 {[%clk 00:35:51] [%emt 00:02:24]} 41.
bxc4 {[%clk 00:28:50] [%emt 00:02:55]} 41... exd4 {[%clk 00:13:34] [%emt
00:22:47]} 42. exd4 {[%clk 00:27:13] [%emt 00:02:07]} 42... Re7 {[%clk
00:07:46] [%emt 00:06:18]} 43. d5 {[%clk 00:26:53] [%emt 00:00:50]} 43... Rxe4
{[%clk 00:07:53] [%emt 00:00:23]} 44. Rxc6 {[%clk 00:26:02] [%emt 00:01:21]}
44... Rxc6 {[%clk 00:08:01] [%emt 00:00:22]} 45. dxc6 {[%clk 00:26:30] [%emt
00:00:01]} 45... Re7 {[%clk 00:08:07] [%emt 00:00:23]} 46. Rd7 {[%clk 00:26:46]
[%emt 00:00:15]} 46... Kf7 {[%clk 00:08:30] [%emt 00:00:07]} 47. c7 {[%clk
00:27:11] [%emt 00:00:06]} 1-0

[Event "New Zealand Championship 2023"]
[Site "Wellington"]
[Date "2023.01.04"]
[Round "3.10"]
[White "Ning, Isabelle Yixuan"]
[Black "Thomas, Ben"]
[Result "1/2-1/2"]
[WhiteElo "2109"]
[BlackElo "2200"]

1. d4 {[%clk 01:30:55] [%emt 00:00:04]} 1... e6 {[%clk 01:30:46] [%emt
00:00:14]} 2. c4 {[%clk 01:31:18] [%emt 00:00:07]} 2... f5 {[%clk 01:31:11]
[%emt 00:00:04]} 3. Nc3 {[%clk 01:31:40] [%emt 00:00:09]} 3... Nf6 {[%clk
01:31:35] [%emt 00:00:05]} 4. Nf3 {[%clk 01:32:01] [%emt 00:00:09]} 4... Be7
{[%clk 01:31:41] [%emt 00:00:24]} 5. Bf4 {[%clk 01:32:20] [%emt 00:00:11]} 5...
b6 {[%clk 01:30:56] [%emt 00:01:15]} 6. e3 {[%clk 01:32:07] [%emt 00:00:43]}
6... O-O {[%clk 01:30:56] [%emt 00:00:30]} 7. h3 {[%clk 01:31:37] [%emt
00:01:01]} 7... Bb7 {[%clk 01:30:44] [%emt 00:00:43]} 8. Be2 {[%clk 01:30:54]
[%emt 00:01:13]} 8... Ne4 {[%clk 01:29:26] [%emt 00:01:47]} 9. Qb3 {[%clk
01:25:47] [%emt 00:05:36]} 9... a5 {[%clk 01:14:40] [%emt 00:15:18]} 10. c5
{[%clk 01:19:54] [%emt 00:06:22]} 10... Nxc3 {[%clk 01:14:40] [%emt 00:00:30]}
11. bxc3 {[%clk 01:19:20] [%emt 00:01:03]} 11... a4 {[%clk 00:58:44] [%emt
00:16:28]} 12. Qb2 {[%clk 01:17:57] [%emt 00:01:52]} 12... d6 {[%clk 00:58:04]
[%emt 00:01:10]} 13. cxb6 {[%clk 01:14:02] [%emt 00:04:25]} 13... cxb6 {[%clk
00:58:10] [%emt 00:00:24]} 14. h4 {[%clk 01:08:18] [%emt 00:06:14]} 14... Bf6
{[%clk 00:55:14] [%emt 00:03:26]} 15. Ng5 {[%clk 01:03:31] [%emt 00:05:17]}
15... Bxg5 {[%clk 00:48:42] [%emt 00:07:02]} 16. Bxg5 {[%clk 01:02:34] [%emt
00:01:26]} 16... Qc7 {[%clk 00:48:53] [%emt 00:00:19]} 17. O-O {[%clk 00:59:15]
[%emt 00:03:49]} 17... e5 {[%clk 00:47:04] [%emt 00:02:20]} 18. h5 {[%clk
00:58:01] [%emt 00:01:43]} 18... h6 {[%clk 00:45:54] [%emt 00:01:40]} 19. Bh4
{[%clk 00:58:16] [%emt 00:00:15]} 19... f4 {[%clk 00:45:31] [%emt 00:00:55]}
20. exf4 {[%clk 00:49:13] [%emt 00:09:32]} 20... Rxf4 {[%clk 00:39:30] [%emt
00:06:30]} 21. Bg3 {[%clk 00:48:53] [%emt 00:00:49]} 21... Qc6 {[%clk 00:39:40]
[%emt 00:00:20]} 22. f3 {[%clk 00:47:54] [%emt 00:01:29]} 22... Rf5 {[%clk
00:39:01] [%emt 00:01:09]} 23. Rab1 {[%clk 00:43:16] [%emt 00:05:07]} 23... Ba6
{[%clk 00:37:12] [%emt 00:02:20]} 24. Rfd1 {[%clk 00:37:10] [%emt 00:06:36]}
24... Bxe2 {[%clk 00:35:13] [%emt 00:02:30]} 25. Qxe2 {[%clk 00:37:28] [%emt
00:00:11]} 25... Nd7 {[%clk 00:35:02] [%emt 00:00:40]} 26. dxe5 {[%clk
00:35:22] [%emt 00:02:37]} 26... Nxe5 {[%clk 00:34:52] [%emt 00:00:41]} 27. Bf2
{[%clk 00:33:26] [%emt 00:02:22]} 27... Raf8 {[%clk 00:30:05] [%emt 00:05:20]}
28. Rxb6 {[%clk 00:30:47] [%emt 00:03:09]} 28... Qxc3 {[%clk 00:29:40] [%emt
00:00:55]} 29. Rbxd6 {[%clk 00:26:15] [%emt 00:05:02]} 29... Rg5 {[%clk
00:29:22] [%emt 00:00:49]} 30. Rd8 {[%clk 00:16:17] [%emt 00:10:28]} 30...
Nxf3+ {[%clk 00:28:12] [%emt 00:01:40]} 31. Kf1 {[%clk 00:16:26] [%emt
00:00:20]} 31... Nh2+ {[%clk 00:24:27] [%emt 00:04:15]} 32. Kg1 {[%clk
00:16:46] [%emt 00:00:11]} 32... Nf3+ {[%clk 00:11:11] [%emt 00:13:46]} 1/2-1/2

[Event "New Zealand Championship 2023"]
[Site "Wellington"]
[Date "2023.01.04"]
[Round "3.11"]
[White "Rains, Edward"]
[Black "Van der Hoorn, Thomas"]
[Result "1-0"]
[WhiteElo "2180"]
[BlackElo "2068"]

1. e4 {[%clk 01:30:57] [%emt 00:00:03]} 1... c6 {[%clk 01:29:47] [%emt
00:01:14]} 2. d3 {[%clk 01:31:16] [%emt 00:00:10]} 2... d5 {[%clk 01:30:06]
[%emt 00:00:11]} 3. Nf3 {[%clk 01:31:35] [%emt 00:00:11]} 3... Bg4 {[%clk
01:29:25] [%emt 00:01:11]} 4. h3 {[%clk 01:31:50] [%emt 00:00:15]} 4... Bh5
{[%clk 01:29:09] [%emt 00:00:45]} 5. Qe2 {[%clk 01:31:59] [%emt 00:00:22]} 5...
e6 {[%clk 01:28:16] [%emt 00:01:23]} 6. Nbd2 {[%clk 01:30:53] [%emt 00:01:36]}
6... Nf6 {[%clk 01:28:09] [%emt 00:00:37]} 7. g4 {[%clk 01:27:39] [%emt
00:03:43]} 7... Bg6 {[%clk 01:28:31] [%emt 00:00:08]} 8. Bg2 {[%clk 01:25:41]
[%emt 00:02:28]} 8... Be7 {[%clk 01:28:02] [%emt 00:00:58]} 9. Ne5 {[%clk
01:23:35] [%emt 00:02:37]} 9... Nfd7 {[%clk 01:10:52] [%emt 00:17:40]} 10. Nxg6
{[%clk 01:20:47] [%emt 00:03:18]} 10... hxg6 {[%clk 01:11:15] [%emt 00:00:06]}
11. Nf3 {[%clk 01:18:42] [%emt 00:02:35]} 11... Qc7 {[%clk 01:09:03] [%emt
00:02:43]} 12. Bd2 {[%clk 01:11:50] [%emt 00:07:22]} 12... Bf6 {[%clk 01:04:51]
[%emt 00:04:42]} 13. c3 {[%clk 01:05:26] [%emt 00:06:53]} 13... dxe4 {[%clk
01:02:28] [%emt 00:02:54]} 14. Qxe4 {[%clk 00:58:19] [%emt 00:07:37]} 14... Nc5
{[%clk 01:00:21] [%emt 00:02:37]} 15. Qe3 {[%clk 00:55:31] [%emt 00:03:18]}
15... Nbd7 {[%clk 00:59:36] [%emt 00:01:14]} 16. d4 {[%clk 00:52:24] [%emt
00:03:37]} 16... Na4 {[%clk 00:59:32] [%emt 00:00:32]} 17. g5 {[%clk 00:43:49]
[%emt 00:09:08]} 17... Be7 {[%clk 00:59:45] [%emt 00:00:16]} 18. b3 {[%clk
00:44:03] [%emt 00:00:16]} 18... Nab6 {[%clk 01:00:03] [%emt 00:00:12]} 19. c4
{[%clk 00:44:13] [%emt 00:00:21]} 19... O-O-O {[%clk 00:57:39] [%emt 00:02:57]}
20. O-O {[%clk 00:35:29] [%emt 00:09:11]} 20... Rhe8 {[%clk 00:53:59] [%emt
00:04:09]} 21. Qe4 {[%clk 00:28:58] [%emt 00:07:01]} 21... c5 {[%clk 00:49:26]
[%emt 00:05:03]} 22. Bf4 {[%clk 00:25:27] [%emt 00:04:02]} 22... Bd6 {[%clk
00:48:23] [%emt 00:01:33]} 23. Bxd6 {[%clk 00:23:18] [%emt 00:02:38]} 23...
Qxd6 {[%clk 00:48:45] [%emt 00:00:08]} 24. Ne5 {[%clk 00:23:37] [%emt
00:00:12]} 24... Qc7 {[%clk 00:44:56] [%emt 00:04:19]} 25. Nxf7 {[%clk
00:23:47] [%emt 00:00:20]} 25... Nf6 {[%clk 00:35:08] [%emt 00:10:19]} 26. Qxg6
{[%clk 00:21:41] [%emt 00:02:36]} 26... Rd7 {[%clk 00:29:18] [%emt 00:06:20]}
27. Ne5 {[%clk 00:19:57] [%emt 00:02:14]} 27... cxd4 {[%clk 00:29:00] [%emt
00:00:48]} 28. gxf6 {[%clk 00:17:03] [%emt 00:03:24]} 28... Rdd8 {[%clk
00:29:13] [%emt 00:00:17]} 29. Qxg7 {[%clk 00:08:47] [%emt 00:08:46]} 29...
Qxg7 {[%clk 00:26:37] [%emt 00:03:07]} 30. fxg7 {[%clk 00:09:10] [%emt
00:00:07]} 30... Rg8 {[%clk 00:27:02] [%emt 00:00:05]} 31. Rad1 {[%clk
00:08:45] [%emt 00:00:56]} 31... Rxg7 {[%clk 00:27:11] [%emt 00:00:20]} 32. Rd3
{[%clk 00:06:20] [%emt 00:02:55]} 1-0